[Event "Oberliga Baden 1819"]
[Site "Baden"]
[Date "2018.10.21"]
[Round "1.7"]
[White "Haas, Michael1"]
[Black "Plaul, Eckart"]
[Result "1/2-1/2"]
[WhiteElo "2167"]
[BlackElo "2116"]
[PlyCount "91"]
[EventDate "2018.10.21"]
[EventType "team-tourn"]
[EventRounds "9"]
[EventCountry "GER"]
[SourceTitle "EXT 2020"]
[Source "ChessBase"]
[SourceDate "2019.10.17"]
[SourceVersion "1"]
[SourceVersionDate "2019.10.17"]
[SourceQuality "1"]
[WhiteTeam "Walldorf"]
[BlackTeam "Sasbach"]
[WhiteTeamCountry "GER"]
[BlackTeamCountry "GER"]

1. e4 c5 2. d4 cxd4 3. c3 d3 4. Bxd3 Nc6 5. c4 d6 6. Nc3 g6 7. Nf3 Bg7 8. 0-0 Nf6 9. h3 0-0 10. Qe2 Nd7 11. Rd1 Nc5 12. Be3 Bxc3 13. bxc3 Qa5 14. Rab1 Nxd3 15. Rxd3 Qh5 16. Bf4 f6 17. Rb5 Ne5 18. Bxe5 dxe5 19. Qd2 g5 20. Rd8 Qf7 21. c5 Kg7 22. Rxf8 Qxf8 23. Qd5 Qe8 24. Rb2 Qc6 25. Kf1 Kf8 26. Qxc6 bxc6 27. Ke2 Ba6+ 28. Ke3 Ke8 29. h4 h6 30. hxg5 hxg5 31. Nd2 Rd8 32. c4 Kd7 33. Rb4 Bc8 34. Ra4 a6 35. Rb4 Kc7 36. Rb6 Rd4 37. f3 a5 38. Rb3 Be6 39. Ra3 Bxc4 40. Rxa5 Rd3+ 41. Ke2 Rc3+ 42. Nxc4 Rxc4 43. g4 Kb7 44. Kd2 Kb8 45. Kd3 Rc1 46. Kd2 1/2-1/2

[Event "Baden-ch"]
[Site "Sasbach"]
[Date "2018.07.29"]
[Round "7"]
[White "Beikert, Guenther"]
[Black "Plaul, Eckart"]
[Result "1-0"]
[WhiteElo "2414"]
[BlackElo "2041"]
[PlyCount "53"]
[EventDate "2018.07.25"]
[EventType "swiss"]
[EventRounds "7"]
[EventCountry "GER"]
[SourceTitle "CBM 186 Extra"]
[Source "ChessBase"]
[SourceDate "2018.08.24"]
[SourceVersion "1"]
[SourceVersionDate "2018.08.24"]
[SourceQuality "1"]

1. d4 d5 2. c4 dxc4 3. e4 Nc6 4. Be3 Nf6 5. Nc3 e6 6. Bxc4 Bb4 7. f3 0-0 8. Nge2 Qe7 9. a3 Ba5 10. b4 Bb6 11. e5 Nd7 12. f4 f6 13. exf6 Nxf6 14. Qb3 Kh8 15. Na4 Ng4 16. 0-0 Qh4 17. h3 Nxe3 18. Qxe3 e5 19. fxe5 Bxh3 20. Nxb6 Bxg2 21. Kxg2 Qg4+ 22. Ng3 axb6 23. Qe4 Qg5 24. Rxf8+ Rxf8 25. Rf1 Rxf1 26. Bxf1 Qd2+ 27. Ne2 1-0

[Event "Verbandsliga Suedbaden 1718"]
[Site "Baden"]
[Date "2018.03.11"]
[Round "7.6"]
[White "Lang, Alexander"]
[Black "Plaul, Eckart"]
[Result "0-1"]
[WhiteElo "2032"]
[BlackElo "2041"]
[PlyCount "82"]
[EventDate "2017.10.08"]
[EventType "team-tourn"]
[EventRounds "9"]
[EventCountry "GER"]
[SourceTitle "EXT 2019"]
[Source "ChessBase"]
[SourceDate "2018.10.10"]
[SourceVersion "1"]
[SourceVersionDate "2018.10.10"]
[SourceQuality "1"]
[WhiteTeam "Oberwinden"]
[BlackTeam "Sasbach"]
[WhiteTeamCountry "GER"]
[BlackTeamCountry "GER"]

1. d4 d5 2. c4 dxc4 3. Nc3 a6 4. a4 Nc6 5. e3 e5 6. d5 Na5 7. e4 Nf6 8. h3 Bb4 9. Bg5 Qd6 10. Bxf6 Qxf6 11. Nf3 Bd7 12. Nd2 b5 13. Qf3 0-0 14. Be2 Qxf3 15. Nxf3 Nb3 16. Rd1 f6 17. 0-0 Bxc3 18. bxc3 Nc5 19. axb5 axb5 20. Nd2 Ra2 21. Rfe1 Rfa8 22. Bf1 Rc2 23. Re3 Raa2 24. Nxc4 bxc4 25. d6 Ra7 26. Bxc4+ Kf8 27. Rb1 cxd6 28. Rb8+ Ke7 29. Rg8 Ne6 30. Bxe6 Kxe6 31. Rxg7 Ra1+ 32. Kh2 Rxf2 33. Rxh7 Bc6 34. h4 Ra4 35. h5 Bxe4 36. Rg7 Rxg2+ 37. Rxg2 Bxg2 38. h6 Bf1 39. Kg3 Ra7 40. Kf2 Bb5 41. Rg3 Rh7 0-1

[Event "Verbandsliga Suedbaden 1718"]
[Site "Baden"]
[Date "2018.02.18"]
[Round "6.7"]
[White "Khalil, Alaa El Din"]
[Black "Plaul, Eckart"]
[Result "0-1"]
[WhiteElo "2095"]
[BlackElo "2041"]
[PlyCount "78"]
[EventDate "2017.10.08"]
[EventType "team-tourn"]
[EventRounds "9"]
[EventCountry "GER"]
[SourceTitle "EXT 2019"]
[Source "ChessBase"]
[SourceDate "2018.10.10"]
[SourceVersion "1"]
[SourceVersionDate "2018.10.10"]
[SourceQuality "1"]
[WhiteTeam "Baden-Baden IV"]
[BlackTeam "Sasbach"]
[WhiteTeamCountry "GER"]
[BlackTeamCountry "GER"]

1. d4 d5 2. Bg5 f6 3. Bh4 Nh6 4. e3 Nf5 5. Bd3 Nxh4 6. Qh5+ g6 7. Qxh4 Bg7 8. Nd2 Nc6 9. c3 e5 10. Ne2 Ne7 11. f3 Be6 12. 0-0 0-0 13. g4 Qd7 14. h3 f5 15. dxe5 fxg4 16. hxg4 Bxe5 17. Nb3 b6 18. Nbd4 c5 19. Nxe6 Qxe6 20. Rae1 Bf6 21. Qf2 Bg5 22. Ng3 Nc6 23. Qe2 Bh4 24. Kg2 Ne5 25. Kh3 Bxg3 26. Kxg3 Rxf3+ 27. Qxf3 Nxf3 28. Rxf3 Rf8 29. Rxf8+ Kxf8 30. a3 d4 31. Rf1+ Kg7 32. exd4 cxd4 33. c4 Qe3+ 34. Rf3 Qe1+ 35. Rf2 Qe3+ 36. Rf3 Qg1+ 37. Kh3 Kh6 38. b4 Kg5 39. Rf1 Qe3+ 0-1

[Event "Verbandsliga Suedbaden 1617"]
[Site "Baden"]
[Date "2017.05.14"]
[Round "9.6"]
[White "Klumpp, Jochen"]
[Black "Plaul, Eckart"]
[Result "1/2-1/2"]
[WhiteElo "2077"]
[BlackElo "2041"]
[PlyCount "56"]
[EventDate "2016.10.09"]
[EventType "team-tourn"]
[EventRounds "9"]
[EventCountry "GER"]
[SourceTitle "EXT 2022"]
[Source "ChessBase"]
[SourceDate "2021.10.06"]
[SourceVersion "1"]
[SourceVersionDate "2021.10.06"]
[SourceQuality "1"]
[WhiteTeam "Kuppenheim"]
[BlackTeam "Sasbach"]
[WhiteTeamCountry "GER"]
[BlackTeamCountry "GER"]

1. Nf3 d5 2. g3 Nf6 3. Bg2 Bg4 4. b3 Nbd7 5. Bb2 e6 6. c4 Bd6 7. d3 0-0 8. 0-0 c6 9. d4 Qe7 10. Ne5 Bf5 11. Nd2 Rfd8 12. h3 h6 13. a3 Ne4 14. Nxe4 dxe4 15. Qc1 Bh7 16. Nxd7 Rxd7 17. Qe3 f5 18. Qc1 Rf8 19. e3 g5 20. Qc2 Qf7 21. d5 cxd5 22. cxd5 e5 23. Rad1 Rc7 24. Qe2 Bg6 25. Rd2 Rfc8 26. Rfd1 Qe7 27. Ra1 a6 28. Qd1 Qe8 1/2-1/2

[Event "Verbandsliga Suedbaden 1617"]
[Site "Baden"]
[Date "2016.10.09"]
[Round "1.7"]
[White "Berberich, Christoph"]
[Black "Plaul, Eckart"]
[Result "0-1"]
[WhiteElo "2018"]
[BlackElo "2041"]
[PlyCount "58"]
[EventDate "2016.10.09"]
[EventType "team-tourn"]
[EventRounds "9"]
[EventCountry "GER"]
[SourceTitle "EXT 2022"]
[Source "ChessBase"]
[SourceDate "2021.10.06"]
[SourceVersion "1"]
[SourceVersionDate "2021.10.06"]
[SourceQuality "1"]
[WhiteTeam "Zaehringen"]
[BlackTeam "Sasbach"]
[WhiteTeamCountry "GER"]
[BlackTeamCountry "GER"]

1. d4 d5 2. Nf3 Nf6 3. c4 dxc4 4. e3 Bg4 5. Bxc4 e6 6. 0-0 a6 7. a4 Nc6 8. h3 Bh5 9. g4 Bg6 10. Nc3 Bd6 11. Qe2 Ne4 12. Nxe4 Bxe4 13. Nd2 Bd5 14. f4 Qh4 15. Bxd5 exd5 16. Qg2 0-0-0 17. Nf3 Qe7 18. Ne5 Nb4 19. Rd1 g5 20. Nd3 h5 21. Nxb4 Bxb4 22. Rf1 Kb8 23. fxg5 Qxg5 24. e4 Qg7 25. e5 hxg4 26. hxg4 Rh4 27. Rf4 Rdh8 28. Be3 Qh7 29. Kf1 Qd3+ 0-1

[Event "Verbandsliga Suedbaden 1415"]
[Site "Baden"]
[Date "2015.02.08"]
[Round "6.6"]
[White "Plaul, Eckart"]
[Black "Tiemann, Tobias"]
[Result "1/2-1/2"]
[WhiteElo "2041"]
[BlackElo "1991"]
[PlyCount "49"]
[EventDate "2014.10.12"]
[EventType "team-tourn"]
[EventRounds "9"]
[EventCountry "GER"]
[SourceTitle "EXT 2022"]
[Source "ChessBase"]
[SourceDate "2021.10.06"]
[SourceVersion "1"]
[SourceVersionDate "2021.10.06"]
[SourceQuality "1"]
[WhiteTeam "Sasbach"]
[BlackTeam "Baden Baden IV"]
[WhiteTeamCountry "GER"]
[BlackTeamCountry "GER"]

1. c4 c5 2. g3 Nf6 3. Bg2 d5 4. cxd5 Nxd5 5. Nc3 Nc7 6. Nf3 Nc6 7. 0-0 e5 8. a3 f6 9. e3 Be7 10. d4 cxd4 11. exd4 exd4 12. Ne2 Ne6 13. b4 d3 14. Nf4 Nxf4 15. Bxf4 0-0 16. Qb3+ Kh8 17. Rfd1 Bf5 18. Bf1 Qe8 19. Bxd3 Bg4 20. Bf1 g5 21. Bd6 Rd8 22. Bxe7 Qxe7 23. Bg2 Rxd1+ 24. Rxd1 Rd8 25. Rxd8+ 1/2-1/2